Manager´s assessment of organizational culture
Hodnotenie rozmerov firemných kultúr, ktoré prispelo k úspešnému fungovaniu organizácií. Rozdiely medzi názormi manažérov na rôznych manažérskych úrovniach vo verejnom sektore, v porovnaní s výrobnými spoločnosťami a názory na správanie zamestnancov v rámci spoločnosti.
Salvato in:
| Autore principale: | |
|---|---|
| Altri autori: | , , , |
| Natura: | Capitolo di libro |
| Lingua: | inglese |
| Soggetti: | |
| Tags: |
Nessun Tag, puoi essere il primo ad aggiungerne!!
|
MARC
| LEADER | 00000naa a2200000 4500 | ||
|---|---|---|---|
| 001 | 0192792 | ||
| 005 | 20231207102620.2 | ||
| 041 | 0 | |a eng | |
| 044 | |a CZ | ||
| 245 | 1 | 0 | |a Manager´s assessment of organizational culture |c Slavica Mitrović, Leposava Grubić-Nešić, Stevan Milisavljević, Boban Melović, Zuzana Babinková |
| 520 | |a Hodnotenie rozmerov firemných kultúr, ktoré prispelo k úspešnému fungovaniu organizácií. Rozdiely medzi názormi manažérov na rôznych manažérskych úrovniach vo verejnom sektore, v porovnaní s výrobnými spoločnosťami a názory na správanie zamestnancov v rámci spoločnosti. | ||
| 610 | 2 | 0 | |a manažment |
| 610 | 2 | 0 | |a manažéri |
| 610 | 2 | 0 | |a riadenie podnikové |
| 610 | 2 | 0 | |a komunikácia manažérska |
| 610 | 2 | 0 | |a metódy riadenia |
| 610 | 2 | 0 | |a kultúra podniková |
| 100 | 1 | |a Mitrović, Slavica | |
| 700 | 1 | |a Grubić-Nešić, Leposava | |
| 700 | 1 | |a Milisavljević, Stevan | |
| 700 | 1 | |a Melović, Boban | |
| 700 | 1 | |a Babinková, Zuzana | |